| 000 | 01242cam a2200325 a 4500 | ||
|---|---|---|---|
| 001 | 1021675 | ||
| 003 | ARRUPE | ||
| 005 | 20220517081152.0 | ||
| 008 | 880914s1989 ohua b s001 0deng | ||
| 010 | _a 88030585 | ||
| 020 | _a0873383699 | ||
| 020 | _a0873383826 (pbk.) | ||
| 040 |
_aDLC _cDLC _dDLC |
||
| 043 |
_aa-ja--- _an-us--- |
||
| 050 | 0 | 0 |
_aDS889.16 _b.S36 1989 |
| 082 | 0 | 0 |
_a327.73052 _219 |
| 100 | 1 |
_aSchonberger, Howard B. _951577 |
|
| 245 | 1 | 0 |
_aAftermath of war : _bAmericans and the remaking of Japan, 1945-1952 / _cHoward B. Schonberger. |
| 260 |
_aKent, Ohio : _bKent State University Press, _cc1989. |
||
| 300 |
_axi, 347 p. : _bill. ; _c24 cm. |
||
| 440 | 0 |
_aAmerican diplomatic history _951578 |
|
| 504 | _aIncludes bibliographical references (p. [325]-335) and index. | ||
| 651 | 0 |
_aJapan _xHistory _yAllied occupation, 1945-1952. _951579 |
|
| 651 | 0 |
_aUnited States _xForeign relations _zJapan. _951580 |
|
| 651 | 0 |
_aJapan _xForeign relations _zUnited States. _951581 |
|
| 651 | 0 |
_aUnited States _xOfficials and employees _vBiography. _951582 |
|
| 906 |
_a7 _bcbu _corignew _d1 _eocip _f19 _gy-gencatlg |
||
| 942 |
_2lcc _cMONOGRAPH |
||
| 999 |
_c131426 _d131426 |
||